[Event "American Continental 14th"]
[Site "Montevideo"]
[Date "2018.06.04"]
[Round "5"]
[White "Larrea, Manuel"]
[Black "Restuccia, Francisco"]
[Result "1-0"]
[WhiteElo "2268"]
[BlackElo "2094"]
[PlyCount "63"]
[EventDate "2018.06.01"]
[EventType "swiss"]
[EventRounds "11"]
[EventCountry "URU"]
[SourceTitle "CBM 184 Extra"]
[Source "ChessBase"]
[SourceDate "2018.06.28"]
[SourceVersion "1"]
[SourceVersionDate "2018.06.28"]
[SourceQuality "1"]

1. e4 c5 2. c3 d5 3. exd5 Qxd5 4. d4 Nc6 5. Be3 Bf5 6. dxc5 Qxd1+ 7. Kxd1 Nf6 8. Bb5 Nd5 9. Nf3 0-0-0 10. Ke2 Nxe3 11. fxe3 e5 12. b4 e4 13. Bxc6 bxc6 14. Nd4 Bg4+ 15. Kf2 f5 16. Nxc6 Rd3 17. Ne5 Rd5 18. Nxg4 fxg4 19. Ke2 Be7 20. Nd2 Re8 21. Rad1 Bf6 22. Nc4 Rxd1 23. Rxd1 Kc7 24. Nd6 Re7 25. g3 Kc6 26. Nf5 Re5 27. Nd4+ Kc7 28. Kf2 h5 29. Nb5+ Kb8 30. Rd7 a6 31. Nd6 Rd5 32. c6 1-0

[Event "Villa Martelli zt 2.5"]
[Site "Villa Martelli"]
[Date "2017.04.30"]
[Round "1"]
[White "Restuccia, Francisco"]
[Black "Dolezal, Cristian"]
[Result "0-1"]
[WhiteElo "2094"]
[BlackElo "2407"]
[PlyCount "74"]
[EventDate "2017.04.30"]
[EventType "swiss"]
[EventRounds "9"]
[EventCountry "ARG"]
[SourceTitle "CBM 178 Extra"]
[Source "ChessBase"]
[SourceDate "2017.06.22"]
[SourceVersion "1"]
[SourceVersionDate "2017.06.22"]
[SourceQuality "1"]

1. e4 c5 2. c3 g6 3. d4 cxd4 4. cxd4 d5 5. e5 Bg7 6. Nc3 Nh6 7. h4 Nc6 8. h5 Be6 9. Bb5 Qb6 10. Nge2 0-0-0 11. a4 Kb8 12. b4 Rc8 13. a5 Qd8 14. Bf4 g5 15. Bxg5 Rg8 16. Qd2 Qf8 17. Na4 Nf5 18. Bxc6 Rxc6 19. h6 Bh8 20. g4 Nd6 21. exd6 exd6 22. Nac3 Bxg4 23. Rh4 Qc8 24. Be3 Bf3 25. Rc1 Bf6 26. Rh2 Qg4 27. Ng3 Re8 28. Kf1 Rxe3 29. fxe3 Qxg3 30. Qf2 Qg4 31. Rc2 Bg5 32. b5 Rc8 33. b6 a6 34. e4 dxe4 35. Nd5 Rg8 36. Rc7 Qf5 37. Ke1 Qxd5 0-1

[Event "Mar del Plata op 47th"]
[Site "Mar del Plata"]
[Date "2016.03.24"]
[Round "7"]
[White "Restuccia, Francisco"]
[Black "Acosta, Pablo Ismael"]
[Result "0-1"]
[WhiteElo "2107"]
[BlackElo "2347"]
[PlyCount "122"]
[EventDate "2016.03.19"]
[EventType "swiss"]
[EventRounds "9"]
[EventCountry "ARG"]
[SourceTitle "CBM 171 Extra"]
[Source "ChessBase"]
[SourceDate "2016.04.26"]
[SourceVersion "1"]
[SourceVersionDate "2016.04.26"]
[SourceQuality "1"]

1. e4 c5 2. Nc3 e6 3. f4 Nc6 4. Nf3 d5 5. Bb5 a6 6. Bxc6+ bxc6 7. d3 Nf6 8. 0-0 Be7 9. Qe1 0-0 10. Ne5 Qc7 11. b3 Rd8 12. Na4 c4 13. exd5 cxd5 14. dxc4 dxc4 15. Nxc4 Bb7 16. Bb2 Bc6 17. Be5 Qa7+ 18. Kh1 Bxa4 19. bxa4 Rac8 20. Ne3 Nd5 21. Nxd5 Rxd5 22. c3 Qd7 23. Bd4 Bc5 24. Bxc5 Rdxc5 25. Rc1 Qxa4 26. Qf2 h6 27. Qd2 Qc4 28. h3 Rd5 29. Qf2 Rcd8 30. Rc2 Rd1 31. Rxd1 Rxd1+ 32. Kh2 Rf1 33. Qd4 Rxf4 34. Qxc4 Rxc4 35. Kg3 f5 36. Kf2 e5 37. Ke2 e4 38. Kd2 Kf7 39. Rb2 Rc6 40. Rb4 Rg6 41. g4 fxg4 42. hxg4 Rxg4 43. Rb7+ Kg8 44. Rb6 a5 45. Ra6 Rg2+ 46. Ke3 Rxa2 47. Kxe4 Ra4+ 48. Kd5 h5 49. c4 h4 50. Re6 Ra2 51. Re3 Rd2+ 52. Kc6 Kf7 53. Kb6 Rc2 54. c5 g5 55. c6 Kf6 56. Ra3 g4 57. Rxa5 g3 58. c7 g2 59. Ra1 h3 60. Rg1 Kf5 61. Kb7 Kf4 0-1

[Event "Latin Cup-A 6th"]
[Site "Buenos Aires"]
[Date "2015.03.21"]
[Round "4"]
[White "Muniz, Rafael"]
[Black "Restuccia, Francisco"]
[Result "1-0"]
[WhiteElo "2268"]
[BlackElo "2079"]
[PlyCount "53"]
[EventDate "2015.03.19"]
[EventType "swiss"]
[EventRounds "9"]
[EventCountry "ARG"]
[SourceTitle "CBM 165 Extra"]
[Source "ChessBase"]
[SourceDate "2015.04.21"]
[SourceVersion "1"]
[SourceVersionDate "2015.04.21"]
[SourceQuality "1"]

1. e4 c5 2. Nf3 d6 3. d4 cxd4 4. Nxd4 Nf6 5. Nc3 a6 6. Bg5 e6 7. Qe2 Be7 8. 0-0-0 h6 9. Be3 Qc7 10. g4 b5 11. a3 Nbd7 12. f4 Rb8 13. g5 hxg5 14. fxg5 Nh5 15. g6 Nc5 16. gxf7+ Kxf7 17. Bh3 Nf6 18. Qg2 b4 19. axb4 Rxb4 20. Rhg1 Rxh3 21. Qxh3 Qa5 22. Kb1 Rb8 23. Rdf1 Nd3 24. cxd3 Qxc3 25. Qh5+ Kg8 26. Rxg7+ Kxg7 27. Rg1+ 1-0

[Event "Reykjavik op"]
[Site "Reykjavik"]
[Date "2014.03.12"]
[Round "10"]
[White "Restuccia, Francisco"]
[Black "Jonsson, Gauti Pall"]
[Result "1-0"]
[WhiteElo "2093"]
[BlackElo "1618"]
[PlyCount "55"]
[EventDate "2014.03.04"]
[EventType "swiss"]
[EventRounds "10"]
[EventCountry "ISL"]
[SourceTitle "CBM 159 Extra"]
[Source "ChessBase"]
[SourceDate "2014.04.24"]
[SourceVersion "1"]
[SourceVersionDate "2014.04.24"]
[SourceQuality "1"]

1. e4 Nf6 2. e5 Nd5 3. c4 Nb6 4. a4 d5 5. exd6 cxd6 6. a5 N6d7 7. d4 e5 8. Nf3 Be7 9. Nc3 0-0 10. Be2 Nc6 11. 0-0 Nxa5 12. Nd5 Nc6 13. dxe5 dxe5 14. Nxe7+ Qxe7 15. b3 Qd8 16. Qc2 b6 17. Rd1 Qc7 18. Ba3 Re8 19. Bd6 Qb7 20. Ng5 g6 21. Bf3 f6 22. Bd5+ Kg7 23. Ne6+ Rxe6 24. Bxe6 Nc5 25. Bd5 Bf5 26. Qa2 Be4 27. Bxc5 Bxd5 28. cxd5 1-0

[Event "Reykjavik op"]
[Site "Reykjavik"]
[Date "2014.03.06"]
[Round "4"]
[White "Restuccia, Francisco"]
[Black "Hauge, Lars Oskar"]
[Result "0-1"]
[WhiteElo "2093"]
[BlackElo "2308"]
[PlyCount "66"]
[EventDate "2014.03.04"]
[EventType "swiss"]
[EventRounds "10"]
[EventCountry "ISL"]
[SourceTitle "CBM 159 Extra"]
[Source "ChessBase"]
[SourceDate "2014.04.24"]
[SourceVersion "1"]
[SourceVersionDate "2014.04.24"]
[SourceQuality "1"]

1. e4 c5 2. f4 d5 3. Nc3 d4 4. Nce2 Nc6 5. d3 e5 6. Nf3 Bd6 7. g3 Nge7 8. Bg2 f6 9. 0-0 Be6 10. a3 0-0 11. Bd2 b5 12. f5 Bf7 13. g4 Nc8 14. Qe1 c4 15. g5 cxd3 16. cxd3 Kh8 17. Qh4 fxg5 18. Nxg5 Bg8 19. Rf3 Rf6 20. Qg4 Qe8 21. Raf1 Nb6 22. Ng3 Bf8 23. Nh5 Rh6 24. Rh3 Nd7 25. Nf3 Rd6 26. Nh4 Bf7 27. Ng6+ Bxg6 28. fxg6 Rxg6 29. Qh4 Be7 30. Nf6 Nxf6 31. Rxf6 h6 32. Bxh6 Bxf6 33. Bxg7+ Kxg7 0-1

[Event "American Continental 08th"]
[Site "Mar del Plata"]
[Date "2012.10.17"]
[Round "7"]
[White "Restuccia, Francisco"]
[Black "Argote Heredia, Valentina"]
[Result "1-0"]
[WhiteElo "2118"]
[BlackElo "1856"]
[PlyCount "69"]
[EventDate "2012.10.12"]
[EventType "swiss"]
[EventRounds "11"]
[EventCountry "ARG"]
[SourceTitle "EXT 2013"]
[Source "ChessBase"]
[SourceDate "2012.11.22"]
[SourceVersion "1"]
[SourceVersionDate "2012.11.22"]
[SourceQuality "1"]

1. e4 c5 2. Nf3 d6 3. d4 cxd4 4. Nxd4 Nf6 5. Nc3 a6 6. h3 e6 7. g4 b5 8. Bg2 Bb7 9. g5 Nfd7 10. Be3 Nb6 11. Qg4 N8d7 12. g6 hxg6 13. Nxe6 Qc8 14. Nxf8 Kxf8 15. Qg3 Nc4 16. 0-0 Kg8 17. Bd4 Nde5 18. Bxe5 dxe5 19. b3 b4 20. Nd5 Bxd5 21. exd5 Nd2 22. Rfe1 e4 23. Re2 Nf3+ 24. Kf1 Qf5 25. Rd1 Rd8 26. d6 Rh5 27. Rxe4 Qxe4 28. Bxf3 Qxc2 29. Bxh5 gxh5 30. Qf3 Qxa2 31. d7 Qc2 32. Re1 Kf8 33. Qd5 g6 34. Re8+ Kg7 35. Qe5+ 1-0

[Event "American Continental 08th"]
[Site "Mar del Plata"]
[Date "2012.10.14"]
[Round "4"]
[White "Umetsubo, Cesar Hidemitsu"]
[Black "Restuccia, Francisco"]
[Result "1-0"]
[WhiteElo "2276"]
[BlackElo "2118"]
[PlyCount "80"]
[EventDate "2012.10.12"]
[EventType "swiss"]
[EventRounds "11"]
[EventCountry "ARG"]
[SourceTitle "EXT 2013"]
[Source "ChessBase"]
[SourceDate "2012.11.22"]
[SourceVersion "1"]
[SourceVersionDate "2012.11.22"]
[SourceQuality "1"]

1. d4 Nf6 2. Nf3 g6 3. Bf4 Bg7 4. e3 0-0 5. h3 d6 6. c4 b6 7. Nc3 Bb7 8. Qc2 c5 9. Be2 a6 10. 0-0 Nbd7 11. Rad1 cxd4 12. exd4 Rc8 13. Qd3 Qc7 14. Rfe1 Rfe8 15. d5 Ne5 16. Nxe5 dxe5 17. Be3 Red8 18. Na4 Rd6 19. Qb3 b5 20. Nc5 Ba8 21. a4 bxc4 22. Bxc4 Nd7 23. Nxd7 Qxd7 24. Rc1 g5 25. Red1 g4 26. hxg4 Qxg4 27. Be2 Qd7 28. Rxc8+ Qxc8 29. Bf3 Qb7 30. Qc2 Qd7 31. Rc1 Bb7 32. Qc7 e4 33. Qb8+ Bf8 34. Bxe4 f5 35. Bf3 Bxd5 36. Rc8 Rf6 37. Rd8 Qxa4 38. Bxd5+ Kg7 39. Qg3+ Rg6 40. Qe5+ Rf6 1-0

[Event "Latin Cup"]
[Site "Montevideo"]
[Date "2011.11.03"]
[Round "4"]
[White "Zambrana, Oswaldo"]
[Black "Restuccia, Francisco"]
[Result "1-0"]
[WhiteElo "2502"]
[BlackElo "2136"]
[PlyCount "53"]
[EventDate "2011.11.01"]
[EventType "swiss"]
[EventRounds "9"]
[EventCountry "URU"]
[SourceTitle "EXT 2012"]
[Source "ChessBase"]
[SourceDate "2011.11.24"]
[SourceVersion "1"]
[SourceVersionDate "2011.11.24"]
[SourceQuality "1"]

1. e4 c5 2. Nf3 d6 3. d4 cxd4 4. Nxd4 Nf6 5. Nc3 a6 6. Bg5 e6 7. f4 Qc7 8. Bxf6 gxf6 9. Qd2 b5 10. Bd3 h5 11. 0-0-0 Nd7 12. Rhe1 Qc5 13. Nb3 Qb6 14. Kb1 Bb7 15. Qe2 0-0-0 16. a4 bxa4 17. Nxa4 Qb4 18. Nc3 Qb6 19. Bc4 Kb8 20. Rd4 f5 21. Na4 Qc6 22. Na5 Qxa4 23. Nxb7 Bg7 24. Nxd8 Bxd4 25. Bb3 Qb5 26. Qxb5+ axb5 27. Nc6+ 1-0

[Event "Villa Martelli Pro Am op 17th"]
[Site "Villa Martelli"]
[Date "2010.10.14"]
[Round "3"]
[White "Restuccia, Francisco"]
[Black "Farah, Daniel Landshoff"]
[Result "1-0"]
[WhiteElo "2153"]
[BlackElo "1955"]
[PlyCount "45"]
[EventDate "2010.10.10"]
[EventType "swiss"]
[EventRounds "9"]
[EventCountry "ARG"]
[SourceTitle "CBM 138 Extra"]
[Source "ChessBase"]
[SourceDate "2010.10.29"]
[SourceVersion "1"]
[SourceVersionDate "2010.10.29"]
[SourceQuality "1"]

1. e4 c5 2. d4 cxd4 3. c3 d5 4. exd5 Qxd5 5. cxd4 e5 6. Nf3 Bb4+ 7. Nc3 Bg4 8. Qa4+ Nc6 9. Qxb4 Nxb4 10. Nxd5 Nxd5 11. Nxe5 Bf5 12. Bb5+ Ke7 13. 0-0 f6 14. Nf3 Kd6 15. b3 a5 16. Nd2 Nc7 17. Ba3+ Ke6 18. Rfe1+ Kf7 19. Bc4+ Kg6 20. Nf3 b5 21. Nh4+ Kh5 22. Nxf5 bxc4 23. bxc4 1-0